000 00186nam a2200073Ia 4500
008 170524s9999 xx 000 0 und d
100 _aPARHIZGAR- K.D
245 0 _aGLOBAL BUSINESS ENVIRONMENTS
260 _bMUMBAI : JAICO
999 _c8527
_d8527